[Event "BCF-chT4 2223 (4NCL)"]
[Site "England"]
[Date "2023.03.26"]
[Round "8.66"]
[White "Jennis, Alistair"]
[Black "Bradley, William"]
[Result "0-1"]
[WhiteElo "1150"]
[BlackElo "1831"]
[PlyCount "36"]
[EventDate "2022.11.05"]
[EventType "team-swiss"]
[EventRounds "11"]
[EventCountry "ENG"]
[SourceTitle "EXT 2024"]
[Source "ChessBase"]
[SourceDate "2023.10.10"]
[SourceVersion "1"]
[SourceVersionDate "2023.10.10"]
[SourceQuality "1"]
[WhiteTeam "Guildford Young Guns"]
[BlackTeam "War and Piece"]
[WhiteTeamCountry "ENG"]
[BlackTeamCountry "ENG"]

1. c4 e5 2. g3 Nc6 3. Bg2 f5 4. Nc3 Nf6 5. e3 d5 6. cxd5 Nb4 7. Nge2 Nd3+ 8. Kf1 Ng4 9. Qb3 Ngxf2 10. Rg1 e4 11. Nf4 Bd6 12. Nxd3 Nxd3 13. Bxe4 fxe4 14. Qa4+ Bd7 15. Qxe4+ Ne5 16. d4 0-0+ 17. Ke2 Bg4+ 18. Kd2 Nf3+ 0-1